[Event "Petroupoli-ch"]
[Site "Petropouli"]
[Date "2014.02.01"]
[Round "2"]
[White "Meintanis, Sotirios"]
[Black "Kiousi, Panagiota"]
[Result "1-0"]
[WhiteElo "1000"]
[BlackElo "1005"]
[PlyCount "59"]
[EventDate "2014.01.25"]
[EventType "swiss"]
[EventRounds "7"]
[EventCountry "GRE"]
[SourceTitle "EXT 2015"]
[Source "ChessBase"]
[SourceDate "2014.11.20"]
[SourceVersion "1"]
[SourceVersionDate "2014.11.20"]
[SourceQuality "1"]

1. Nf3 d5 2. b3 Nc6 3. Bb2 Bf5 4. d3 Qd6 5. Nbd2 e6 6. a4 Be7 7. Bxg7 Bf6 8. Bxh8 Bxa1 9. Bxa1 Nb4 10. c3 Na2 11. Qc2 Qa3 12. Bb2 Qc5 13. d4 Bxc2 14. dxc5 Nf6 15. e3 0-0-0 16. Be2 Ne4 17. 0-0 Nexc3 18. Bxc3 Nxc3 19. Re1 Nxe2+ 20. Rxe2 Bd3 21. Re1 Be4 22. Rc1 Bxf3 23. Nxf3 h6 24. h4 c6 25. a5 a6 26. g3 f6 27. Nd4 e5 28. Nf5 h5 29. Rd1 Re8 30. Nd6+ 1-0